004970000a220012100045000410008000000820021000082450074000292600059001033000020001625050139001826500050003210010004003710 aSPA04aR 261.91 D41306d10aDistintivos denominacionales - 1984 / Alberto Guerrero P... [et. al.] aMedellín, Colombia : Seminario Bíblico de Colombia a[pag. varía].00aDistintivos denominacionales de las Iglesias : Centro Evangelizador La Victoria, Hermanos Menonitas, A.I.E.C., Iglesia Interamericana.14aIGLESIA - DENOMINACIONES \ IGLESIA - HISTORIA247